000
00266nam a2200121Ia 4500
005
20251222142010.0
008
251222s9999||||xx |||||||||||||| ||spa||
020
_a
84-7118-738-8
082
_a
246.45/C76
245
0
_a
El Aborto:
264
_b
Palabra
942
_c
LIB
999
_c
10297
_d
10297